ბათუმის შოთა რუსთაველის სახელმწიფო უნივერსიტეტის ბიბლიოთეკა

მუზეუმები: (ბიბ.ჩანაწერი № 61240)

000 -ლიდერი
ფიქსირებული სიგრძის საკონტროლო ველი 01915nam a22002057a 4500
003 - საკონტროლო ნომრის იდენტიფიკატორი
საკონტროლო ველი Ge_BSU
005 - ბოლო ოპერაციის თარიღი და დრო
საკონტროლო ველი 20240109170931.0
008 - ფიქსირებული სიგრძის მონაცემთა ელემენტები - ზოგადი ინფორმაცია
ფიქსირებული სიგრძის საკონტროლო ველი 240109s2023ge xxu||||| |||| 00| 0 geo d
020 ## - წიგნის საერთაშორისო სტანდარტული ნომერი
International Standard Book Number 9789941356964
041 ## - ენის კოდი
Language code of text/sound track or separate title geo
080 ## - უნივერსალური ათობითი კლასიფიკაციის ინდექსი
Universal Decimal Classification number 069 ჰ-73
100 ## - მთავარი ჩანაწერი - პიროვნების სახელი
Personal name ჰოკინსი, ოვენ
9 (RLIN) 21002
Relator term ავტორი
245 ## - ცნობა სათაურის შესახებ
Title მუზეუმები:
Remainder of title მუზეუმების ისტორია დასაბამიდან დღემდე /
Statement of responsibility, etc ოუკენ ჰოპკინსი, თარგმნ: ნინო მესტვირიშვილი
264 ## - წარმოების, გამოცემის, დისტრიბუციის და სხვა ცნობები
გამოცემის, წარმოების, დისტრიბუციის... ადგილი თბილისი :
გამოცემის, წარმოების, დისტრიბუციის... სახელწოდება პალიტრა L,
გამოცემის, წარმოების, დისტრიბუციის... თარიღი 2023.
300 ## - ფიზიკური აღწერა
Extent 320 გვ:.
Other physical details 30 სმ.
653 ## - INDEX TERM--UNCONTROLLED
Uncontrolled term მუზეუმები
653 ## - INDEX TERM--UNCONTROLLED
Uncontrolled term წიგნი მკითხველს მუზეუმების დაარსების მეტად საინტერესო ისტორიებს უამბობს;დეტალურად არის აღწერილი მუზეუმების აღმოცენებისა და განვითარების ისტორია,რომელიც ევროპის სამეფო საგანძურის კოლექციებს,განმანათლებლობის ეპოქით შთაგონებულ რარიტეტთა განძთსაცავებს,XIX საუკუნეში შექმნილ საჯარო მუზეუმებსა და მსოფლიოს წამყვან არქიტექტორთა დაპროექტებულ შესანიშნავ ნაგებობებს ასახავს
700 ## - ADDED ENTRY--PERSONAL NAME
Personal name მესტვირიშვილი, ნინო
Relator term მთარგმნელი
9 (RLIN) 21003
942 ## - ADDED ENTRY ELEMENTS (KOHA)
Source of classification or shelving scheme
Koha item type წიგნი
ეგზემპლარები
ჩამოწერის სტატუსი დაკარგული ეგზემპლარის სტატუსი კლასიფიკაციის წყარო ან თაროზე გაწყობის სქემა დაზიანების სტატუსი არ გაიცემა მუდმივი მდებარეობა (დაცვის ადგილი) ამჟამინდელი ადგილსამყოფელი თაროზე განთავსების ადგილი შეძენის თარიღი ღირებულება, შესყიდვის ნორმალური ფასი სრული შენახვის შიფრი შტრიხკოდი ბოლო ოპერაციის თარიღი ეგზემპლარის მიმდევრობითი ნომერი (კეტერი?) ფასის ძალაში შესვლის თარიღი ეგზემპლარის სახეობა საჯარო შენიშვნა
          ბათუმის შოთა რუსთაველის სახელმწიფო უნივერსიტეტის მთავარი ბიბლიოთეკა ბათუმის შოთა რუსთაველის სახელმწიფო უნივერსიტეტის მთავარი ბიბლიოთეკა წიგნსაცავი 2024-01-09 100.00 069 ჰ-73 67010 2024-01-09 67010 2024-01-09 წიგნი 100.00
          ტექნოლოგიური ფაკულტეტის ბიბლიოთეკა ტექნოლოგიური ფაკულტეტის ბიბლიოთეკა წიგნსაცავი 2024-07-18 100.00 069 ჰ-73 68781 2024-07-18 68781 2024-07-18 წიგნი 100.00